Housing and mortgage markets in the third quarter 2003 (Record no. 73995)

MARC details
000 -LEADER
fixed length control field 01063cam a2200241 4500
001 - CONTROL NUMBER
control field ABS67347
008 - FIXED-LENGTH DATA ELEMENTS--GENERAL INFORMATION
fixed length control field 031222n2003 000 0 eng u
035 ## - SYSTEM CONTROL NUMBER
System control number (Sirsi) u124681
100 ## - MAIN ENTRY--PERSONAL NAME
Personal name Vass, J.
245 ## - TITLE STATEMENT
Title Housing and mortgage markets in the third quarter 2003
260 ## - PUBLICATION, DISTRIBUTION, ETC.
Date of publication, distribution, etc. 2003
490 ## - SERIES STATEMENT
Series statement CML Housing Finance
Volume/sequential designation (60) Winter 2003, 3-12(10)
520 ## - SUMMARY, ETC.
Summary, etc. Commentary on the UK housing and mortgage markets in the third quarter 2003. Provides a general analysis of the economy including the labour market, inflation and interest rates. Looks in detail at the housing market and mortgage lending. Concludes with an overview of policy developments. Statistical charts cover economic growth, employment and unemployment, house price growth, approvals and advances, remortgaging.
590 ## - LOCAL NOTE (RLIN)
Local note ABS
650 ## - SUBJECT ADDED ENTRY--TOPICAL TERM
Topical term or geographic name entry element ECONOMY
650 ## - SUBJECT ADDED ENTRY--TOPICAL TERM
Topical term or geographic name entry element MORTGAGE LENDING
650 ## - SUBJECT ADDED ENTRY--TOPICAL TERM
Topical term or geographic name entry element HOUSE PRICES
650 ## - SUBJECT ADDED ENTRY--TOPICAL TERM
Topical term or geographic name entry element REMORTGAGING
650 ## - SUBJECT ADDED ENTRY--TOPICAL TERM
Topical term or geographic name entry element MORTGAGE MARKET
650 ## - SUBJECT ADDED ENTRY--TOPICAL TERM
Topical term or geographic name entry element STATISTICS
690 ## - LOCAL SUBJECT ADDED ENTRY--TOPICAL TERM (OCLC, RLIN)
Topical term or geographic name as entry element PROPERTY-RESIDENTIAL PROPERTY-RESIDENTIAL PROPERTY MARKET
942 ## - ADDED ENTRY ELEMENTS (KOHA)
Suppress in OPAC 0
Holdings
Withdrawn status Lost status Source of classification or shelving scheme Damaged status Not for loan Home library Current library Shelving location Date acquired Total Checkouts Full call number Barcode Date last seen Copy number Price effective from Koha item type
    Dewey Decimal Classification     London London Journal article 22/12/2003   ABS67347 124681-1001 06/08/2019 1 06/08/2019 Journal article